|
|
|
|
| LEADER |
00000cam a2200000 ca4500 |
| 001 |
1082410764 |
| 003 |
DE-627 |
| 005 |
20240603204609.0 |
| 007 |
tu |
| 008 |
861223n19uuuuuuxx ||||| 00| ||ger c |
| 016 |
7 |
|
|a 551096896
|2 DE-101
|
| 035 |
|
|
|a (DE-627)1082410764
|
| 035 |
|
|
|a (DE-576)012410764
|
| 035 |
|
|
|a (DE-599)DNB551096896
|
| 040 |
|
|
|a DE-627
|b ger
|c DE-627
|e rakwb
|
| 041 |
|
|
|a ger
|a und
|
| 084 |
|
|
|a 1
|2 ssgn
|
| 084 |
|
|
|a BC 6070
|2 rvk
|0 (DE-625)rvk/9508:
|
| 084 |
|
|
|a BC 2700
|2 rvk
|0 (DE-625)rvk/9322:13072
|
| 190 |
|
|
|j 1986
|
| 245 |
0 |
4 |
|a Das Neue Testament auf Papyrus
|
| 264 |
|
1 |
|a Berlin [u.a.]
|b De Gruyter
|c 19XX-
|
| 336 |
|
|
|a Text
|b txt
|2 rdacontent
|
| 337 |
|
|
|a ohne Hilfsmittel zu benutzen
|b n
|2 rdamedia
|
| 338 |
|
|
|a Band
|b nc
|2 rdacarrier
|
| 490 |
0 |
|
|a Arbeiten zur neutestamentlichen Textforschung
|v ...
|
| 601 |
|
|
|a Testament
|
| 689 |
0 |
0 |
|d u
|0 (DE-588)4041771-2
|0 (DE-627)106217658
|0 (DE-576)209046724
|a Bibel
|2 gnd
|p Neues Testament
|
| 689 |
0 |
1 |
|d s
|0 (DE-588)4044571-9
|0 (DE-627)106204971
|0 (DE-576)209061529
|2 gnd
|a Papyrus
|
| 689 |
0 |
|
|5 DE-101
|
| 730 |
0 |
2 |
|a Testamentum novum
|
| 889 |
|
|
|w (DE-627)1876654554
|
| 935 |
|
|
|a mteo
|
| 936 |
r |
v |
|a BC 6070
|b Neues Testament
|k Theologie und Religionswissenschaften
|k Bibelwissenschaft
|k Biblische Einleitung
|k Textgeschichte
|k Neues Testament
|0 (DE-627)127071273X
|0 (DE-625)rvk/9508:
|0 (DE-576)20071273X
|
| 936 |
r |
v |
|a BC 2700
|b Ursprache
|k Theologie und Religionswissenschaften
|k Bibelwissenschaft
|k Bibeltexte, Bibelkommentare und Abhandlungen
|k Bibeltexte und -übersetzungen
|k Bibelhandschriften
|k Neues Testament
|k Ursprache
|0 (DE-627)1270712020
|0 (DE-625)rvk/9322:13072
|0 (DE-576)200712020
|
| 951 |
|
|
|a MC
|
| BIB |
|
|
|a 1
|
| ELC |
|
|
|b 1
|
| ITA |
|
|
|a 1
|t 1
|
| LOK |
|
|
|0 000 xxxxxcx a22 zn 4500
|
| LOK |
|
|
|0 001 2094065545
|
| LOK |
|
|
|0 003 DE-627
|
| LOK |
|
|
|0 004 1082410764
|
| LOK |
|
|
|0 005 20091224213746
|
| LOK |
|
|
|0 008 950119||||||||||||||||ger|||||||
|
| LOK |
|
|
|0 040
|a DE-21
|c DE-627
|d DE-21
|
| LOK |
|
|
|0 852
|a DE-21
|
| LOK |
|
|
|0 852 1
|c 26 A 6100
|m p
|9 00
|
| LOK |
|
|
|0 852 2
|b LS
|9 00
|
| LOK |
|
|
|0 852 1
|c theol D 280
|9 01
|
| LOK |
|
|
|0 935
|a theo
|a alls
|
| LOK |
|
|
|0 936ln
|a t2.3
|
| LOK |
|
|
|0 938
|k p
|
| LOK |
|
|
|0 939
|a 1995-01-19
|b l01
|
| LOK |
|
|
|0 000 xxxxxcx a22 zn 4500
|
| LOK |
|
|
|0 001 2094065553
|
| LOK |
|
|
|0 003 DE-627
|
| LOK |
|
|
|0 004 1082410764
|
| LOK |
|
|
|0 005 19941221000000
|
| LOK |
|
|
|0 008 911029||||||||||||||||ger|||||||
|
| LOK |
|
|
|0 040
|a DE-21-31
|c DE-627
|d DE-21-31
|
| LOK |
|
|
|0 852
|a DE-21-31
|
| LOK |
|
|
|0 852 1
|m p
|9 00
|
| LOK |
|
|
|0 938
|k p
|
| LOK |
|
|
|0 939
|a 1991-10-29
|b l01
|
| LOK |
|
|
|0 000 xxxxxcx a22 zn 4500
|
| LOK |
|
|
|0 001 2094065561
|
| LOK |
|
|
|0 003 DE-627
|
| LOK |
|
|
|0 004 1082410764
|
| LOK |
|
|
|0 005 20020508000000
|
| LOK |
|
|
|0 008 990520||||||||||||||||ger|||||||
|
| LOK |
|
|
|0 040
|a DE-21-31
|c DE-627
|d DE-21-31
|
| LOK |
|
|
|0 852
|a DE-21-31
|
| LOK |
|
|
|0 852 1
|c Xa III b 26
|m p
|9 00
|
| LOK |
|
|
|0 938
|k p
|
| LOK |
|
|
|0 939
|a 1999-05-20
|b l02
|
| LOK |
|
|
|0 000 xxxxxcx a22 zn 4500
|
| LOK |
|
|
|0 001 209406557X
|
| LOK |
|
|
|0 003 DE-627
|
| LOK |
|
|
|0 004 1082410764
|
| LOK |
|
|
|0 005 20020509000000
|
| LOK |
|
|
|0 008 941219||||||||||||||||ger|||||||
|
| LOK |
|
|
|0 040
|a DE-21-35
|c DE-627
|d DE-21-35
|
| LOK |
|
|
|0 852
|a DE-21-35
|
| LOK |
|
|
|0 852 1
|c Hb 2.07
|m p
|9 00
|
| LOK |
|
|
|0 938
|k p
|
| LOK |
|
|
|0 938
|l K2
|8 0
|
| LOK |
|
|
|0 939
|a 1994-12-19
|b l01
|
| ORI |
|
|
|a TA-MARC-ixtheob001.raw
|
| REF |
|
|
|a Neutestamentlicher Papyrus
|
| REL |
|
|
|a 1
|
| SPR |
|
|
|a 1
|t BIB
|t IXT
|t REL
|
| STA |
0 |
0 |
|a Papyrus
|
| STB |
0 |
0 |
|a Papyrus
|
| STC |
0 |
0 |
|a Papiro
|
| STD |
0 |
0 |
|a Papiro
|
| STE |
0 |
0 |
|a 莎草纸
|
| STF |
0 |
0 |
|a 莎草紙
|
| STG |
0 |
0 |
|a Papiro
|
| STH |
0 |
0 |
|a Папирус
|
| STI |
0 |
0 |
|a Πάπυρος
|
| SUB |
|
|
|a BIB
|a REL
|
| SYG |
0 |
0 |
|a Centenary translation of the New Testament,Bibel,Neues Testament,Septembertestament,Das Newe Testament Deutzsch,Bibel,Septembertestament,Bibel,Die Botschaft Gottes,Greek New Testament,Greek New Testament,The Greek New Testament,GNT,Neues Testament,Novum Testamentum,Testamentum novum,Nor Ktakaran,Novijat Zavet,Novyj Zapovit,Das Neue Testament,Le Nouveau Testament,Il Nouv Testamaint,The New Testament,Nuevo Testamento,Novʹy Zákon,Novi Javjet,Novo Testamento,Novyj Zavet,Nowy Testament,Nowý Zákon,U`j Szövetség,U`j Testamentom,Die Heilige Schrift des Neuen Testaments,Det Ny Testamente,Det Nya Testamentet,Il Nuovo Testamento,Ds Nöie Teschtamänt,Hab-berit ha-ḥadaša,Sifrê hab-berit ha-ḥadaša,Niev Testament,Novum Testamentum Graece,The Greek New Testament,Novum Testamentum Graece et Latine,E Kainē diathēkē,al- ʿAhd al-ǧadīd li rabbinā wa muḫalliṣinā Yasūʿa ăl-masīḥ,al- ʿAhd al-ǧadīd,S@nöie Teschdamänt,Se Wsi Testamenti,Tèstamènt nobo,Mkpaman Elat,Bible,N.T.,Uus Testament , Papyri
|